| 000 | 00907nam a2200217 4500 | ||
|---|---|---|---|
| 008 | 030811s2002 ne b 000 0 eng | ||
| 020 | _a9004126945 :USD32.95 | ||
| 090 |
_aBS2589.6.R45 _bN22r |
||
| 100 | 1 | _aNave, Guy D. | |
| 245 | 1 | 0 |
_aThe role and function of repentance in Luke-Acts / _cGuy D. Nave, Jr. |
| 260 |
_aLeiden ; _aBoston : _bBrill, _c2002. |
||
| 300 |
_aviii, 241 p. ; _c25 cm. |
||
| 490 | 1 |
_aAcademia Biblica / Brill Academic Publishers; _vno. 4 |
|
| 504 | _aIncludes bibliographical references (p. [227]-241). | ||
| 650 | 4 |
_aBible. N.T. Acts _xCriticism, interpretation, etc. |
|
| 650 | 4 |
_aBible. N.T. Acts _xSocio-rhetorical criticism. |
|
| 650 | 4 |
_aBible. N.T. Luke _xCriticism, interpretation, etc. |
|
| 650 | 4 |
_aBible. N.T. Luke _xSocio-rhetorical criticism. |
|
| 650 | 4 |
_aRepentance _xBiblical teaching. |
|
| 951 |
_p26255 _x00025682 _oBS2589.6.R45/N22r _j070613111303859 _d2000-12-21 _cGC |
||
| 999 |
_c16524 _d16524 |
||